Correspondencia de Presidentes y Oidores (Record no. 184708)

MARC details
000 -LEADER
campo de control de longitud fija 00999nam a2200229 i 4500
001 - NÚMERO DE CONTROL
campo de control 184708
003 - IDENTIFICADOR DE NÚMERO DE CONTROL
campo de control ES-MaACL
005 - FECHA Y HORA DE LA ÚLTIMA TRANSACCIÓN
campo de control 20250902131140.0
008 - DATOS DE LONGITUD FIJA--INFORMACIÓN GENERAL
campo de control de longitud fija 151116s1922 sp |||| | spa d
245 00 - MENCIÓN DEL TÍTULO
Título Correspondencia de Presidentes y Oidores
Resto del título : Audiencia de Lima.Documentos del Archivo de Indias /
Mención de responsabilidad, etc. publicación dirigida por D. Roberto Levillier.
260 ## - PUBLICACIÓN, DISTRIBUCIÓN, ETC.
Lugar de publicación, distribución, etc. Buenos Aires :
Nombre del editor, distribuidor, etc. Municipalidad,
Fecha de publicación, distribución, etc. 1922.
300 ## - DESCRIPCIÓN FÍSICA
Extensión 1 v. ;
Dimensiones 24 cm.
490 1# - MENCIÓN DE SERIE
Mención de serie Colección de Publicaciones Históricas de la Biblioteca del Congreso Argentino
505 8# - NOTA DE CONTENIDO CON FORMATO
Nota de contenido con formato Tomo I.: 1549-1564 / prólogo de J. de la Riva-Aguero
610 24 - PUNTO DE ACCESO ADICIONAL DE MATERIA--NOMBRE DE ENTIDAD CORPORATIVA
Nombre de entidad corporativa o nombre de jurisdicción como elemento de entrada Archivo General de Indias-
Subdivisión general Catálogos.
9 (RLIN) 1431
651 #4 - PUNTO DE ACCESO ADICIONAL DE MATERIA--NOMBRE GEOGRÁFICO
Nombre geográfico Perú-
Subdivisión general Historia-
Subdivisión cronológica 1548-1820, Epoca colonial.
9 (RLIN) 9225
700 1# - ENTRADA AGREGADA--NOMBRE PERSONAL
Nombre de persona Levillier, Roberto,
Fechas asociadas al nombre 1886-1969
9 (RLIN) 71965
700 0# - ENTRADA AGREGADA--NOMBRE PERSONAL
Nombre de persona Riva-Agüero, José de la.
9 (RLIN) 97531
830 0# - PUNTO DE ACCESO ADICIONAL DE SERIE-TÍTULO UNIFORME
Título uniforme Colección de Publicaciones Históricas de la Biblioteca del Congreso Argentino
9 (RLIN) 192228
852 ## - LOCALIZACIÓN
Ubicación ES-MaACL
Número de control de estantería C-7178
Holdings
Estatus retirado Estado de pérdida Estado de daño No para préstamo Biblioteca de origen Biblioteca actual Ubicación en estantería Fecha de adquisición Fuente de adquisición Total de préstamos Signatura topográfica completa Código de barras Visto por última vez Precio de reemplazo Tipo de ítem Koha
        Biblioteca del Ateneo de Madrid Biblioteca del Ateneo de Madrid Sala Palomar 16/11/2015     C-7178 1194477 23/02/2023 23/02/2023 Libro impreso